000 00856nam a22002897a 4500
003 OSt
005 20140310184253.0
008 121109t xxu||||| |||| 00| 0 eng d
020 _a0439674816
050 _aPZ 7
_b.R457 2004
100 _aFeltes, Kim.
_922784
245 _aDear Gabi /
_bAdvice From an Expert on Dating.
_cKim Feltes.
260 _aNew York:
_bScholastic Inc.,
_c2004.
300 _a24 p. :
_bill. ;
_c19.5 cm.
521 _aG1
526 _c290
650 _aTeenagers
_xJuvenile literature.
_yUnited States
_930132
650 _a Adolescent psychology
_xJuvenile literature.
_930133
650 _aInterpersonal relations in adolescence
_xJuvenile literature.
_930134
942 _2lcc
_cBK-SCHOLAS
999 _c33386
_d33386